Statistics for Ragnarok netflix tv show

Click here to take the quiz!

General Stats

  • This quiz has been taken 29 times
  • The average score is 8 of 10

Answer Stats

HintAnswer% Correct
Main character/also has the powers of thorMagne
96%
enemy of #1Vidar
92%
likes #9/ was #1 enemy then get saved by himFjor
88%
#1's brotherLaurits
88%
principal of their school/ wife of #3Ran
88%
sister of #4 and daughter of #3 and #5saxa
88%
who #1 and #4 likedgry
85%
father of #8/ their teachererik
81%
was killed by #3isolde
77%
mother of #1 and #2turid
58%

Score Distribution

Percentile by Number Answered

Percent of People with Each Score

Your Score History

You have not taken this quiz